Record Details
Back To Results
Showing Item 5 of 558

WHY MOTHER LEFT HOME

ROSE RWAKASISI (Author).

Record details

  • ISBN: 9789988573102
  • Physical Description: PAPER BACK
  • Edition: N/A
  • Publisher: ACCRA
Subject: STORY

Available copies

  • 11 of 11 copies available at Headquarters.
Location Call Number / Copy Notes Barcode Shelving Location Status Due Date
Accra Central Library 201 JFIC/RWA 000002584829 Childrens' Fiction - EXT Available -
Airport Children Library 201 JFIC/RWA 000001295856 Childrens' Fiction Available -
Airport Children Library 201 JFIC/RWA 000001295863 Childrens' Fiction Available -
Airport Children Library 201 JFIC/RWA 000001295870 Childrens' Fiction Available -
Airport Children Library 201 JFIC/RWA 000001295887 Childrens' Fiction Available -
Airport Children Library 201 JFIC/RWA 000001295894 Childrens' Fiction Available -
Airport Children Library 201 JFIC/RWA 000001295900 Childrens' Fiction Available -
Airport Children Library 201 JFIC/RWA 000001295917 Childrens' Fiction Available -
Airport Children Library 201 JFIC/RWA 000001295924 Childrens' Fiction Available -
Airport Children Library 201 JFIC/RWA 000001295931 Childrens' Fiction Available -

No reviews or recommendations are currently available.

Loading shelf browser…

LDR 00422nam a2200181Ia 45e0
00144033
003HQ
00520210401113828.0
008200825s9999 gh a br 1 eng 000 0 und d
020 . ‡a9789988573102
037 . ‡aSSNIT
082 . ‡aJFIC/RWA
100 . ‡aROSE RWAKASISI
245 . ‡aWHY MOTHER LEFT HOME
250 . ‡aN/A
260 . ‡aACCRA
260 . ‡bADAEX EDUCATIONAL LIMITED
260 . ‡c2013
300 . ‡aPAPER BACK
365 . ‡aN/A
650 . ‡aSTORY
905 . ‡uegadmin
901 . ‡a44033 ‡b ‡c44033 ‡tbiblio ‡soclc
Back To Results
Showing Item 5 of 558

Session Timeout

Your session will expire in minutes and seconds.

If you need more time, please click "Continue Session."

Session Ended

Your session has ended. Redirecting to the home page...